| 000 | 01086nam a22002417a 4500 | ||
|---|---|---|---|
| 003 | OSt | ||
| 005 | 20250911174404.0 | ||
| 008 | 240207b ||||| |||| 00| 0 eng d | ||
| 040 | _c0 | ||
| 082 | _aDPer 621.381 In821 April 2022 v. 37 n. 4 | ||
| 100 |
_aZhao, Zhihong. _eauthor. _951675 |
||
| 245 |
_aHigh-performance resonant controller implemented in the discrete-time domain for voltage regulation of grid-forming converters / _cZhihong Zhao, Zhichao Sun, Yilong Feng, Baojian Ji, Shuzheng Wang, and Jianfeng Zhao. |
||
| 260 |
_aNew York ; _bThe Institute of Electrical and Electronics Engineers, Inc. , _cApril 2022. |
||
| 300 |
_aVolume 37, pages 3913-3926 : _billustration ; _c28 cm. |
||
| 500 | _aIEEE Transaction on Power Electronics, vol. 37, no. 4, pages 3913-3926, April 2022. | ||
| 700 |
_aZhao, Zhihong. _eauthor. _951675 |
||
| 700 |
_aSun, Zhichao. _eauthor. _951676 |
||
| 700 |
_aFeng, Yilong. _eauthor. _951677 |
||
| 700 |
_aJi, Baojian. _eauthor. _951678 |
||
| 700 |
_aWang, Shuzheng. _eauthor. _951679 |
||
| 700 |
_aZhao, Jianfeng. _eauthor. _951680 |
||
| 942 |
_2ddc _cPER |
||
| 999 |
_c18966 _d18966 |
||